| 000 | 00539nam a2200205Ia 4500 | ||
|---|---|---|---|
| 003 | LK-CoDNM | ||
| 005 | 20241129130105.0 | ||
| 008 | 010623t xxu||||| |||| 00| 1 sin d | ||
| 040 |
_aLK-CoDNM _dLK-CoDNM _eLK-CoDNM |
||
| 041 | _asin | ||
| 080 |
_a294.32 _bDEW |
||
| 100 | _aDevasiri Thero,Adawala. | ||
| 245 | _aහේතුඵල ධර්ම විවරණය | ||
| 246 | _aHetupala Dharma Vivaranaya | ||
| 260 |
_bSamayawardena _aColombo _c1977 |
||
| 300 | _b204p. ; 21 cm | ||
| 650 | _a1977 | ||
| 650 | _aBuddhism | ||
| 942 | _cBK | ||
| 999 |
_c142420 _d142420 |
||